000
00228nam a2200085Ia 4500
245
0
_a
Frogs and other amphibians
100
_a
MORGAN, Sally London, 2003
_9
85528
942
_c
BK
008
210817s9999 xx 000 0 und d
999
_c
358249
_d
358247